00459 2200169 4500245010000000020002200100250001100122100001600133700002000149650001400169005001900183260003100202041001400233084001000247300002300257336000900280 aGalau is Over b : Curhat , Kuis Kepribadian , dan Tips Antigalau ala TaniacVeronica W.hText a978-979-21-4108-5 aCet. 5 aVeronica W. aErni Setiyowati aPemikiran a20230125071112 aYogyakartabKanisiusc2018 aIndonesia a153.4 a104 hlm. :c19 cm. atext